| Поле | Инд. | ПП | Название | Значение |
|---|---|---|---|---|
| Тип записи | a | |||
| Библиографический уровень | m | |||
| 001 | Контрольный номер | UNIDUBNAf60407a460bd4094a8b883b546217dbb | ||
| 005 | Дата корректировки | 20260205172116.3 | ||
| 008 | Кодируемые данные | 20100401 | ||
| 020 | a | ISBN | 978-5-16-018924-6 | |
| 084 | a | Индекс другой классификации/Индекс ББК | 60.55-42я73; 88.52я73; 88.53я73; 88.54я73 | |
| 100 | 1_ | a | Автор | Резник С. Д. |
| q | Полное имя | Резник Семен Давыдович | ||
| 245 | 10 | a | Заглавие | Организационное поведение |
| b | Продолж. заглавия | учебник | ||
| c | Ответственность | рецензенты П. Я. Кибанов, А. П. Егоршин, В. В. Маркин | ||
| 250 | a | Основные сведения об издании | 6-е изд., перераб. и доп. | |
| 260 | c | Дата издания | 2024 | |
| b | Издательство | ИНФРА-М | ||
| a | Место издания | Москва | ||
| 300 | a | Объем | 433 с. | |
| 336 | a | Термин вида содержания | Текст | |
| 337 | a | Термин типа средства | электронный | |
| 440 | _0 | a | Серия | Высшее образование |
| 650 | 04 | a | Основная рубрика | организационное поведение |
| a | Основная рубрика | социология | ||
| a | Основная рубрика | социология организаций | ||
| 653 | 0_ | a | Ключевые слова | бизнес |
| a | Ключевые слова | взаимоотношения | ||
| a | Ключевые слова | групповое поведение | ||
| a | Ключевые слова | группы | ||
| a | Ключевые слова | делегирование полномочий | ||
| a | Ключевые слова | конфликты | ||
| a | Ключевые слова | лидерство | ||
| a | Ключевые слова | личность | ||
| a | Ключевые слова | международный бизнес | ||
| a | Ключевые слова | менеджеры | ||
| a | Ключевые слова | методы руководства | ||
| a | Ключевые слова | мотивация | ||
| a | Ключевые слова | наказание | ||
| a | Ключевые слова | общение | ||
| a | Ключевые слова | организационная культура | ||
| a | Ключевые слова | организация | ||
| a | Ключевые слова | персонал | ||
| a | Ключевые слова | поведение | ||
| a | Ключевые слова | поощрение | ||
| a | Ключевые слова | профилактика конфликта | ||
| a | Ключевые слова | психология личности | ||
| a | Ключевые слова | разрешение конфликтов | ||
| a | Ключевые слова | ролевое поведение | ||
| a | Ключевые слова | руководители | ||
| a | Ключевые слова | стиль руководства | ||
| a | Ключевые слова | структура личности | ||
| a | Ключевые слова | теории поведения | ||
| a | Ключевые слова | управление | ||
| a | Ключевые слова | управление командой | ||
| a | Ключевые слова | управление персоналом | ||
| a | Ключевые слова | управление поведением | ||
| a | Ключевые слова | формирование коллектива | ||
| 655 | a | Жанр/ форма (устаревшее) | учебное пособие | |
| 700 | 12 | a | Автор | Кибанов А. Я. |
| e | Роль лиц | рецензент | ||
| 700 | 1_ | a | Автор | Егоршин А. П. |
| e | Роль лиц | рецензент | ||
| 700 | 1_ | a | Автор | Маркин В. В. |
| e | Роль лиц | рецензент | ||
| 787 | w | Контрольный номер связываемой записи | RU/IS/BASE/330790413 | |
| 856 | 40 | a | Имя сервера/домена | ЭБС ZNANIUM |
| d | Путь | https://znanium.ru/ | ||
| i | Указания/сценарий входа | Доступ по логину и паролю | ||
| u | URL | https://znanium.ru/catalog/product/2079293 | ||
| v | Время доступа к ресурсу | 31.12.2025 | ||
| y | Справочный текст | Электронная версия | ||
| 900 | x | Справочная информация | Полный текст | |
| 901 | t | Тип документа | 0 | |
| 952 | a | Тип литературы для КСУ ВШ | УИ | |
| 954 | a | Гриф | 1.1 |